Dossier d'anglès
Publicado:
Barcelona :
Diputació de Barcelona. Àrea d'Educació. Centre de Formació d'Adults Can Batlló, [2008?]
Descripción Física:
94 p. ; 30 cm
Materias:
Anglès -- Problemes, exercicis, etc.
MARC
| LEADER | 00000nam a2200000Ia 4500 | ||
|---|---|---|---|
| 001 | 20655, 22152 | ||
| 008 | 160829s9999 xx 000 0 cat d | ||
| 080 | |a E-1-303, E-1-353 | ||
| 245 | |a Dossier d'anglès | ||
| 260 | |a Barcelona : |b Diputació de Barcelona. Àrea d'Educació. Centre de Formació d'Adults Can Batlló, [2008?] | ||
| 300 | |a 94 p. ; |c 30 cm | ||
| 590 | |a Curs d'accés a la universitat per a més grans de 25 anys. | ||
| 590 | |a A partir de 2009: curs... CFA Can Batlló | ||
| 650 | |a Anglès |x Problemes, exercicis, etc. |9 39535 | ||
| 710 | |a Barcelona (Catalunya : Província). |b Àrea d'Educació |9 8009 | ||
| 710 | 2 | |a Centre de Formació d'Adults Can Batlló |9 55011 | |
| 866 | |a 2008, 2009 - 2010 | ||
| 901 | |a Arxiu | ||
| 942 | |n 1 | ||
| 952 | |0 0 |1 0 |4 0 |6 E1303_E1353 |7 1 |9 49063 |a Arxiu |b Arxiu |d 2016-12-01 |l 0 |o E-1-303, E-1-353 |p 20655, 22152 |r 2016-12-01 00:00:00 |w 2016-12-01 |y ARXIU | ||
| 999 | |c 52900 |d 52900 | ||